Normal view MARC view
  • Hall, Marty

Entry Personal Name

Number of records used in: 2

001 - CONTROL NUMBER

  • control field: 97369

003 - CONTROL NUMBER IDENTIFIER

  • control field: NUST

005 - DATE AND TIME OF LATEST TRANSACTION

  • control field: 20220816094024.0

008 - FIXED-LENGTH DATA ELEMENTS

  • fixed length control field: 220816|| aca||aabn | a|a d

040 ## - CATALOGING SOURCE

  • Original cataloging agency: NUST
  • Transcribing agency: NUST

100 ## - HEADING--PERSONAL NAME

  • Personal name: Hall, Marty

670 ## - SOURCE DATA FOUND

  • Source citation: Work cat.: (NUST)179337: Hall, Marty,, Core servlets and JavaServer Pages / , c2000.
© 2023 Central Library, National University of Sciences and Technology. All Rights Reserved.